000 01193nas a2200301 i 4500
001 2049
003 ES-MaACL
005 20251003194442.0
007 t|
008 950801d18691939be z| | 1 ||re d
245 0 0 _aRevue de droit international et de législation comparée /
_cpubliée ... par T.M.C. Asser ... G. Rolin-Jaequemyns y J. Westlake.
260 _aBruxelles... etc :
_bWilliams et Norgate, etc,
_c1869-1939 (
_fGand I.S. van Dooselaere)
300 _a57 v. ;
_c24 cm.
310 _aTrimestral,
_b1929-
362 0 _a1ª série, t. I (1869)-3ª série, t. 20 (1939)
500 _aEn 1893 se publica un v. de Tables generales (1869-93)
500 _aEn 1914 se publica un v. de Tables generales (1894-1914)
550 _aOrgano del Institute of International Law, 1874-1879, 1920-
650 1 7 _aDerecho
_2embne
_911602
700 1 _aAsser, T. M. C.
_923654
700 1 _aRolin-Jaequemyns, Gustave,
_d1835-1902
_9132016
700 1 _aWestlake, J,
_edir.
_9194363
700 1 _aVisscher, Charles,
_edir.
_9194364
710 2 _aInstitute of International Law.
_9141196
852 _aES-MaACL
_jHem-409
866 0 _o1869-1914,1921-23,1927,1930-34.
999 _c2049
_d2049